000 00927nam a22001937a 4500
003 OSt
005 20251207145410.0
008 251207b |||||||| |||| 00| 0 eng d
040 _cDCL
082 _a၂၉၄.၃၈၂၄၁
100 0 _aဇနကာဘိဝံသ၊
_cအရှင်။
245 1 0 _aအဋ္ဌသာလိနီဘာသာဋီကာနှင့် မူလဋီကာနိဿယ၊
_nဒုတိယအုပ် /
_cအရှင်ဇနကာဘိဝံသ။
250 _aစတုတ္ထအကြိမ်။
264 _aအမရပူရ ၊
_bမဟာဂန္ဓာရုံစာပေ၊
_c၂၀၀၂။
300 _aက၊ ၇၁၉ စာမျက်နှာ ၊
_c၂၃ စင်တီ။
500 _aအမှတ်(၂၇) ကျမ်းစာ။
650 _aအဋ္ဌသာလိနီ
_vဘာသာဋီကာ။
942 _2ddc
_cSHORT TERM
_n0
999 _c2670
_d2670